000 00781cam a22002652 4500
001 13212
003 BD-RjUL
005 20211208235424.0
008 140130s1938 nyu b 001 0 eng
035 _a(BD-RjUL)13263
040 _aDLC
_cJPL
_dBD-RjUL
_beng
041 _aeng
082 0 0 _a615.36
_bJEI 1938
096 _aWK 200 J54i 1938
100 1 _aJensen, Hans F.,
_d1896-
_941134
245 1 0 _aInsulin :
_bits chemistry and physiology /
_cby Hans F. Jensen.
260 _aNew York ;
_bThe Commonwealth fund ;
_aLondon :
_bOxford university press,
_cc1938.
300 _axii, 252 p. ;
_c24 cm.
500 _aIncludes index.
504 _aBibliography at end of each chapter.
650 0 _aInsulin.
_941135
942 _2ddc
_cBK
999 _c13212
_d13212